000 00919nmm a2200289 a 4500
001 ocm0001864942
003 TR-IsHL
005 20201028172725.0
008 180529s2018 tu eng
007 cr cn
020 _a9786052259917
035 _a1864942
_b(N$T)
050 0 4 _aPZ8.1
_b.L38 2018g
090 0 4 _aPZ8.1
_b.L38 2018g
100 1 _aLang, Andrew
245 1 0 _aThe grey fairy book
_h[electronic resource] /
_cAndrew Lang ; illustrated by H. J. Ford
250 _aFirst edition
260 _aİstanbul :
_bE-Kitap Projesi,
_c2018
300 _a341 p.
650 4 _aDil ve Edebiyat
650 4 _aLanguage and Literature
650 0 _aPeri masalları
650 0 _aFairy tales
650 7 _aFICTION / Fairy Tales, Folk Tales, Legends & Mythology
_2bisacsh
700 1 _aFord, H. J.
856 4 0 _uhttp://search.ebscohost.com/login.aspx?direct=true&scope=site&db=e011xww&AN=1864942
999 _c17342
_d17342